Football Teams by Stadium Name #6 - Statistics

General Stats
  • This quiz has been taken 45 times
  • The average score is 6 of 12
Answer Stats
Stadium Football Club(s) % Correct
Anfield Liverpool
98%
Villa Park Aston Villa
93%
Estadi Olímpic Lluís Companys/Camp Nou FC Barcelona
90%
Stadio Diego Armando Maradona SSC Napoli
80%
Borussia Park Borussia Mönchengladbach
66%
Stádio Apostolos Nikolaidis Panathinaikos
34%
Allianz Riviera OGC Nice
32%
Friends Arena AIK
22%
Estadio BBVA CF Monterrey
20%
Stadion Poljud Hajduk Split
20%
Estadio Marcelo Bielsa Newell's Old Boys
17%
Providence Park (Civic Stadium) Portland Timbers
7%
No matching quizzes found
Score Distribution
Percent of People with Each Score
Percentile by Number Answered
Your Score History
You have not taken this quiz